<?xml version="1.0" encoding="UTF-8"?><?xml-stylesheet type="text/xsl" href="static/style.xsl"?><OAI-PMH xmlns="http://www.openarchives.org/OAI/2.0/" xmlns:xsi="http://www.w3.org/2001/XMLSchema-instance" xsi:schemaLocation="http://www.openarchives.org/OAI/2.0/ http://www.openarchives.org/OAI/2.0/OAI-PMH.xsd"><responseDate>2026-04-14T21:05:20Z</responseDate><request verb="GetRecord" identifier="oai:uvadoc.uva.es:10324/940" metadataPrefix="marc">https://uvadoc.uva.es/oai/request</request><GetRecord><record><header><identifier>oai:uvadoc.uva.es:10324/940</identifier><datestamp>2021-07-06T07:31:53Z</datestamp><setSpec>com_10324_30605</setSpec><setSpec>com_10324_894</setSpec><setSpec>col_10324_41</setSpec></header><metadata><record xmlns="http://www.loc.gov/MARC21/slim" xmlns:doc="http://www.lyncode.com/xoai" xmlns:xsi="http://www.w3.org/2001/XMLSchema-instance" xmlns:dcterms="http://purl.org/dc/terms/" xsi:schemaLocation="http://www.loc.gov/MARC21/slim http://www.loc.gov/standards/marcxml/schema/MARC21slim.xsd">
<leader>00925njm 22002777a 4500</leader>
<datafield tag="042" ind1=" " ind2=" ">
<subfield code="a">dc</subfield>
</datafield>
<datafield tag="720" ind1=" " ind2=" ">
<subfield code="a">Abad Fuente, Raquel</subfield>
<subfield code="e">author</subfield>
</datafield>
<datafield tag="260" ind1=" " ind2=" ">
<subfield code="c">2011</subfield>
</datafield>
<datafield tag="520" ind1=" " ind2=" ">
<subfield code="a">La reacción de sililcupración de aleno o acetileno, a baja temperatura, seguida del cuprato intermedio con enonas, conduce a oxoalil- u oxovinilsilanos con excelentes rendimientos. Los productos anteriores reaccionan a 0ºC con MCPBA proporcionando 2,7-dioxabiciclo[2.2.1]heptanos sililados de estereoquímica definida. Las estructuras de los dioxabicicloalcanos obtenidos son próximas a las de algunas feromonas con enlaces acetal o éter (Frontalin, Brevicomin, Multistriatin) producidas por las hembras de algunas especies de escarabajos de la corteza de la madera (Dendroctomus frontalis, Dryocoecetes autographus) causantes de muchas plagas en pinos, olmos, álamos y otras especies vegetales de Norteamérica y Europa.</subfield>
</datafield>
<datafield tag="024" ind2=" " ind1="8">
<subfield code="a">http://uvadoc.uva.es/handle/10324/940</subfield>
</datafield>
<datafield tag="024" ind2=" " ind1="8">
<subfield code="a">b1640725</subfield>
</datafield>
<datafield tag="024" ind2=" " ind1="8">
<subfield code="a">10.35376/10324/940</subfield>
</datafield>
<datafield ind1=" " ind2=" " tag="653">
<subfield code="a">Química orgánica-Síntesis</subfield>
</datafield>
<datafield tag="245" ind1="0" ind2="0">
<subfield code="a">Alilsilanos en síntesis: A. Nuevas metodologías de preparación de tetrahidrofuranos y tetrahidropiranos. B. Síntesis de dioxabicicloalcanos acetáticos de estructura próxima a la de diversas feromonas.</subfield>
</datafield>
</record></metadata></record></GetRecord></OAI-PMH>